000 01071nam a22002777a 4500
003 BD-DhSAU
005 20190515141135.0
008 161006b2017 bg ad||| |||| 00| 0 eng d
040 _aBD-DhSAU
082 _222
_a630
_bK5271
100 _a Khan , A. M. Munim Hossain
_4Registration No:17-08200
245 _aEffect of growth regulators on growth and yield of Mungbean under different late sowing conditions in Kharif-II Season /
_c Khan , A. M. Munim Hossain
_bMs Thesis
260 _aDhaka : Sher- e- Bangla Agricultural University :
_bDepartment of Agronomy ,
_c2017
300 _avii, 52 p. :
_bill. ;
_c30 cm.
504 _aIncludes bibliographical references.
590 _aShofi
650 _aAgronomy
650 _aGrowth regulators
650 _aMungbean
650 _aLate sowing conditions
650 _aKharif-II Season
700 _a Islam , Md. Shahidul
_4Supervisor
700 _aYeasmin , Marjana
_4Co-Supervisor
856 _uhttp://archive.saulibrary.edu.bd:8080/xmlui/handle/123456789/2335
_yOnline Access
942 _2ddc
_cTHESIS
999 _c14638
_d14637